000
00328nam a2200157Ia 4500
100
_a
Ghezzi/ Carlo
250
_a
2
942
_c
BK
654
_a
Languages
245
_a
Programming Language Concepts
260
_b
John Wiley & Sons
_c
1982
082
_a
5.13
_b
GHE/JAZ
300
_a
428
546
_a
ENGLISH
999
_c
18100
_d
18100